Estudio de las dimensiones topológicas de Menger-Urysohn, de Cech y de Lebesgue y de su relación con la dimensión métrica de Hausdorff /

Guardado en:
Autor Principal: Fernández Stacco, Edgardo L.
Formato: Libro
Idioma:Spanish
Publicado: 1994.
Series:Tesis Magister
Materias:
Etiquetas: Agregar Etiqueta
Sin Etiquetas, Sea el primero en etiquetar este registro!
LEADER 00753nam a22002055a 4500
001 MAT.inmabb006991
008 041125s1994####ag#######bm###000#0#spa#d
005 20150506095246.0
245 1 0 |a Estudio de las dimensiones topológicas de Menger-Urysohn, de Cech y de Lebesgue y de su relación con la dimensión métrica de Hausdorff /  |c Edgardo L. Fernández Stacco. 
260 |c 1994. 
300 |a 2 v. 
490 0 |a Tesis Magister 
502 |a Tesis--Universidad Nacional del Sur, 1995. 
504 |a Incluye referencias bibliográficas. 
100 1 |a Fernández Stacco, Edgardo L. 
082 0 4 |a 040 
082 0 4 |a 515.222 
653 |a Analisis y topologia 
653 |a Dimension topologica 
859 |a Ar-BaUNS  |b BIB. MATEMATICA  |h 040  |i B148 1994-275 v.1  |p 104194/995